Data mining your website

Na minha lista:
Detalhes bibliográficos
Autor principal: Mena, Jesus (Author)
Formato: Livro
Idioma:inglês
Publicado em: Boston : Digital Press, 1999
Assuntos:
Tags: Adicionar Tag
Sem tags, seja o primeiro a adicionar uma tag!

MARC

LEADER 00000nam a22000003a 4500
001 stu51677
005 20150617225706.7
008 000120s1999----xxu-----------------eng-d
020 |a 1-55558-222-2 
040 |a STU  |b slo 
041 0 |a eng 
044 |a xxu 
080 |a 681.324.016  |7 stu_us_auth*stu7170 
080 |a 519.683.5 
080 |a 519.878 
084 |a B6210L  |2 INS 
084 |a C5620  |2 INS 
084 |a C6160  |2 INS  |7 stu_us_auth*stu16331 
084 |a C6170K  |2 INS  |7 stu_us_auth*stu2831 
084 |a C7120  |2 INS 
084 |a C7210N  |2 INS 
084 |a D2050E  |2 INS  |7 stu_us_auth*stu4165 
084 |a D2080  |2 INS 
084 |a D2140  |2 INS 
100 1 |a Mena, Jesus  |4 aut 
245 1 |a Data mining your website 
260 |a Boston :  |b Digital Press,  |c 1999 
300 |a 368 s 
650 7 |a počítačové siete  |2 stusub 
650 7 |a vyhľadávanie informácií  |2 stusub 
650 7 |a znalostné inžinierstvo  |2 stusub 
650 7 |a World Wide Web  |2 estusub 
650 7 |a neurálne siete  |2 stusub 
650 7 |a elektronický obchod  |2 stusub 
996 |c I*11WS5330  |l II680  |s A  |a 24  |w stu51677_0001